The Gauntlet / (Record no. 7253)
[ view plain ]
| 000 -LEADER | |
|---|---|
| fixed length control field | 00771cas a2200265u| 4500 |
| 001 - CONTROL NUMBER | |
| JCCL Control Number | 7253 |
| 003 - CONTROL NUMBER IDENTIFIER | |
| JCCL marc code | BD-JhCC |
| 005 - DATE AND TIME OF LATEST TRANSACTION | |
| control field | 20180422083719.0 |
| 008 - FIXED-LENGTH DATA ELEMENTS--GENERAL INFORMATION | |
| fixed length control field | 830331r1970 ctu |||||||||||| ||eng| |
| 035 ## - SYSTEM CONTROL NUMBER | |
| system control number | (BD-JhCC)7253 |
| 040 ## - CATALOGING SOURCE | |
| Original cataloging agency | DLC |
| Transcribing agency | CarP |
| Modifying agency | DLC |
| -- | BD-JhCC |
| 041 ## - LANGUAGE CODE | |
| Language code of Book | eng |
| 050 00 - LIBRARY OF CONGRESS CALL NUMBER | |
| Classification number | DA540 |
| Item number | .G36 |
| 082 ## - DEWEY DECIMAL CLASSIFICATION NUMBER | |
| Author mark and Year | WEL 1964 |
| Classification number | 823.91 |
| 100 ## - MAIN ENTRY--PERSONAL NAME | |
| Personal name | Welch, Ronald |
| 245 04 - TITLE STATEMENT | |
| Title | The Gauntlet / |
| Statement of responsibility, etc | Ronald Welch |
| 260 ## - PUBLICATION, DISTRIBUTION, ETC. (IMPRINT) | |
| Place of publication, distribution, etc | Westport, Conn., |
| Name of publisher, distributor, etc | Greenwood Reprint Corp., |
| Date of publication, distribution, etc | 1970. |
| 300 ## - PHYSICAL DESCRIPTION | |
| Pagination | 60 no. in 2 v. |
| Dimensions | 29 cm. |
| 650 ## - SUBJECT ADDED ENTRY--TOPICAL TERM | |
| Topical term or geographic name as entry element | Time travel |
| 650 ## - SUBJECT ADDED ENTRY--TOPICAL TERM | |
| Topical term or geographic name as entry element | Fantasy fiction |
| 651 #0 - SUBJECT ADDED ENTRY--GEOGRAPHIC NAME | |
| Geographic name | Great Britain |
| General subdivision | Politics and government |
| Chronological subdivision | 1830-1837 |
| Form subdivision | Periodicals. |
| 700 1# - ADDED ENTRY--PERSONAL NAME | |
| Personal name | Carlile, Richard, |
| Dates associated with a name | 1790-1843, |
| 942 ## - ADDED ENTRY ELEMENTS (KOHA) | |
| Source of classification or shelving scheme | Dewey Decimal Classification |
| Koha item type | Books |
| Source of classification or shelving scheme | Damaged status | Not for loan | Home library | Current library | Shelving location | Total Checkouts | Full call number | Barcode | Date last seen | Copy number | Koha item type |
|---|---|---|---|---|---|---|---|---|---|---|---|
| Dewey Decimal Classification | JCC Rouf Library | JCC Rouf Library | General Stacks | 823.91 WEL 1964 | 9788 | 02/06/2018 | C - 1 | Books |